01219nam a22003497a 4500001001000000003000900010005001700019007000300036008003400039040005400073041001000127072002000137090001900157100001700176110012200193245006900315260004000384300001100424500007200435650001100507650002100518650001300539650002800552650002000580650001200600650002300612650002200635909003600657942000700693999001700700952015200717BR0303057BR-BrBNA20230928101306.0ta230509b bl.||||| |||| 00| 0 por d aBR-BrBNAbporcBiblioteca Nacional de Agricultura a(Por) aH20b1821b4120  1821 BR03030571 aRebelo, J.A.1 aUniversidade Federal do Rio Grande do Sul, Porto Alegre (Brasil). Faculdade de Agronomia0Tese (Doutor em Fitotecnia)1 aMancha reticulada (Leandria momordicae Rangel)em cucurbitáceas3 aPorto Alegre, RS (Brasil): c2003.  a230 p. aSummaries (Eng, Por); Bibliography p. 188-199; 13 tables; 71 illus. aPEPINO aMANCHA RETICULAR aBIOLOGIA aVARIAÇÃO GENÉTICA aMEIO DE CULTURA aSINTOMA aCONTROLE QUÍMICO aCONTROLE CULTURAL a202309bLuciac55dLucia Elande cBK c65115d65115 002AGRIS40708AGROBASEa41918b41918l0o 1821 BR0303057p1821 BR0303057r2023-09-25t01yBK10d2023-09-25ePortaria Interministerial nº 164/94